| 000 | 00556nam a22001697a 4500 | ||
|---|---|---|---|
| 003 | JO-AjAnu | ||
| 005 | 20240415084824.0 | ||
| 008 | 240407b jo ||||| |||| 00| 0 ara d | ||
| 040 |
_aJO-AjAnu _cJO-AjAnu |
||
| 041 | 0 | _aara | |
| 050 |
_aBF637.C6.D426 _b2023 |
||
| 100 | 1 |
_aالضامن، منذر _965346 _eمؤلف |
|
| 245 | 2 | 0 |
_aالارشاد النفسي : اسسه الفنية والنظرية / _cمنذر الضامن |
| 300 | _a232 صفحة | ||
| 650 | 7 | 0 |
_aالارشاد النفسي - الصحة النفسية _965343 |
| 942 |
_2lcc _cBK _n0 |
||
| 999 |
_c33442 _d33442 |
||